<The> Balance of Costs and Benefits of Patent Protection of Intellectual Property
Proces patentovania predstavuje pre žiadateľa nemalé náklady. Preto je potrebné zvážiť či sú výhody, ktoré patent žiadateľovi prinesie adekvátne k vynaloženej investícií. Analýza informácií o možnostiach patentovej ochrany a identifikovanie potenciálnych zdrojov nákladov a výnosov plynúcich z jej vy...
Salvato in:
| Autore principale: | |
|---|---|
| Natura: | Capitolo di libro |
| Lingua: | slovacco |
| Soggetti: | |
| Tags: |
Nessun Tag, puoi essere il primo ad aggiungerne!!
|
MARC
| LEADER | 00000nla a2200000 4500 | ||
|---|---|---|---|
| 001 | 0213050 | ||
| 005 | 20240527082817.1 | ||
| 041 | 0 | |a slo | |
| 044 | |a CZ | ||
| 245 | 1 | 0 | |a <The> Balance of Costs and Benefits of Patent Protection of Intellectual Property |c Slávka Šagátová |
| 520 | |a Proces patentovania predstavuje pre žiadateľa nemalé náklady. Preto je potrebné zvážiť či sú výhody, ktoré patent žiadateľovi prinesie adekvátne k vynaloženej investícií. Analýza informácií o možnostiach patentovej ochrany a identifikovanie potenciálnych zdrojov nákladov a výnosov plynúcich z jej využívania. | ||
| 610 | 2 | 0 | |a ochrana práv priemyselných |
| 610 | 2 | 0 | |a právo patentové |
| 610 | 2 | 0 | |a vlastníctvo duševné |
| 610 | 2 | 0 | |a náklady |
| 610 | 2 | 0 | |a výnosy |
| 610 | 2 | 0 | |a patenty |
| 610 | 2 | 0 | |a vynálezy |
| 610 | 2 | 0 | |a úrady patentové |
| 100 | 1 | |a Šagátová, Slavka, 1975- | |